007740000a22002050004500952009000000999001700090001001000107003001000117005001700127008004100144022001400185040004100199041000800240100002100248245010700269300005800376546002200434773010400456942000800560 001040708HEMaFUSBCbFUSBCd2016-01-26l0o r2016-01-26 00:00:00w2016-01-26yANA c54530d54530768714001CO-MdFUSB20170829095448.0170829s2004 xxu||||| |||| 00| 0 eng d a0120-3649 aCO-MdFUSBbspacCO-MdFUSBdCO-MdFUSB aeng1 aByle, Anneautor10aUpdate- Finds or fakes? Israel antiquities authority : btoo much booze nabs golan forgerc/ Byle, Ann aVolumen 30. Número 5 (2004), páginas 55c: 28 cm. aTexto en inglés0 tBiblical Archaeology Review049395959455gVolumen 30. Número 5 (2004), páginas 55qPágina 55 cANA